| 000 | 00489nam a22001817a 4500 | ||
|---|---|---|---|
| 003 | CEME | ||
| 005 | 20210628203654.0 | ||
| 008 | 210317b xxu||||| |||| 00| 0 eng d | ||
| 020 | _a1-85166-091-7 | ||
| 040 | _c. | ||
| 082 | _a620.1126 CUR'T | ||
| 100 |
_aMasahiro, Jono, Komai, K, Tanaka, T _966786 |
||
| 245 | _aCurrent research on fatigue cracks | ||
| 260 |
_aLONDON _bELSEVIER _c1987 |
||
| 300 | _a313P | ||
| 650 |
_aMATERIALS FATIGUE FRACTURE MECHANICS _966787 |
||
| 942 |
_cBK _2ddc |
||
| 999 |
_c574688 _d574688 |
||